书目信息 |
| 题名: |
艾灸祛寒湿 看这本就够
|
|
| 作者: | 吴中朝, 编著 | |
| 分册: | ||
| 出版信息: | 北京 化学工业出版社 2016 |
|
| 页数: | 238页 | |
| 开本: | 24cm | |
| 丛书名: | ||
| 单 册: | ||
| 中图分类: | R245.81 | |
| 科图分类: | ||
| 主题词: | 艾灸--ai jiu--基本知识 | |
| 电子资源: | ||
| ISBN: | 978-7-122-26016-1 | |
| 000 | 00981nam0 2200253 450 | |
| 001 | 012001000084 | |
| 005 | 20131104171814.0 | |
| 010 | @a978-7-122-26016-1@dCNY39.80 | |
| 099 | @aCAL 012016059441 | |
| 100 | @a20160520d2016 em y0chiy50 ea | |
| 101 | 0 | @achi |
| 102 | @aCN@b110000 | |
| 105 | @aa z 000yy | |
| 106 | @ar | |
| 200 | 1 | @a艾灸祛寒湿 看这本就够@Aai jiu qu han shi kan zhe ben jiu gou@f吴中朝编著 |
| 210 | @a北京@c化学工业出版社@d2016 | |
| 215 | @a238页@c彩图@d24cm | |
| 314 | @a吴中朝,博士研究生导师,担任中国中医科学院针灸医院主任医师、中央保健会诊专家等职务。 | |
| 330 | @a本书内容分为:“寒湿伤身有警示,读懂体内寒湿信号”、“艾灸是最好的除寒湿方式”、“常见小毛病艾灸方”、“艾灸祛除颈肩腰腿痛有奇效”、“艾灸祛除中老年慢性病”、“艾灸赶走女人虚寒”等共八章。 | |
| 606 | 0 | @a艾灸@Aai jiu@x基本知识 |
| 690 | @aR245.81@v5 | |
| 701 | 0 | @a吴中朝,@Awu zhong zhao@f1956-@4编著 |
| 801 | 0 | @aCN@b北京卓展文化@c20191020 |
| 905 | @b1195300-3@dR245.81@e478@f4 | |
| 艾灸祛寒湿 看这本就够/吴中朝编著.-北京:化学工业出版社,2016 |
| 238页:彩图;24cm |
| ISBN 978-7-122-26016-1:CNY39.80 |
| 本书内容分为:“寒湿伤身有警示,读懂体内寒湿信号”、“艾灸是最好的除寒湿方式”、“常见小毛病艾灸方”、“艾灸祛除颈肩腰腿痛有奇效”、“艾灸祛除中老年慢性病”、“艾灸赶走女人虚寒”等共八章。 |
| ● |
| 相关链接 |
|
|
|
|
正题名:艾灸祛寒湿 看这本就够
索取号:R245.81/478
 
预约/预借
| 序号 | 登录号 | 条形码 | 馆藏地/架位号 | 状态 | 备注 |
| 1 | 1195300 | 211953000 | 第二样本阅览室/ [索取号:R245.81/478] | 在馆 | |
| 2 | 1195301 | 211953019 | 第三借阅区/ [索取号:R245.81/478] | 在馆 | |
| 3 | 1195302 | 211953028 | 第三借阅区/ [索取号:R245.81/478] | 在馆 | |
| 4 | 1195303 | 211953037 | 第三借阅区/ [索取号:R245.81/478] | 在馆 |